Statystyki dla Dziesięć megamiast wysuniętych na północ

Kliknij tutaj aby rozwiązać quiz!

Ogólne statystyki

  • Ten quiz został rozwiązany 1 827 razy
  • Średni wynik to 6 z 10

Statystyki odpowiedzi

SzerokośćMegamiasto% Poprawnych
55,76Moskwa
95%
51,51Londyn
87%
40,71Nowy Jork
85%
35,69Tokio
85%
39,91Pekin
81%
48,86Paryż
77%
37,56Seul
54%
41,01Stambuł
44%
35,69Teheran
23%
39,14Tiencin
9%

Rozkład punktacji

Percentyl według liczby udzielonych odpowiedzi

Procent ludzi z każdym wynikiem

Twoja historia wyników

Nie rozwiązałeś tego quizu